|
|
|
|
| LEADER |
00000nam a2200000Ii 4500 |
| 001 |
DIGUCCH0125 |
| 003 |
NyNyDIG |
| 006 |
m o d |
| 007 |
cr ||||||||||| |
| 008 |
250202s2023 cl a ob 000 0 spa d |
| 035 |
|
|
|a (OCoLC)1476783245
|
| 040 |
|
|
|a DGITA
|b eng
|e rda
|e pn
|c DGITA
|
| 020 |
|
|
|a 9789561431836
|q digital
|
| 020 |
|
|
|z 9789561431829
|
| 043 |
|
|
|a aw-----
|a e------
|a ff-----
|
| 050 |
1 |
4 |
|a KJA147 ebook
|
| 100 |
1 |
|
|a Infante, Javier
|q (Infante Martin),
|e author.
|
| 245 |
1 |
0 |
|a Historia del derecho.
|n Tomo I,
|p La antigüedad /
|c Javier Francisco Infante Martin.
|
| 246 |
3 |
0 |
|a Antigüedad
|
| 264 |
|
1 |
|a Santiago, Chile :
|b Ediciones UC,
|c [2023]
|
| 300 |
|
|
|a 1 online resource :
|b illustrations.
|
| 336 |
|
|
|a text
|b txt
|2 rdacontent
|
| 337 |
|
|
|a computer
|b c
|2 rdamedia
|
| 338 |
|
|
|a online resource
|b cr
|2 rdacarrier
|
| 347 |
|
|
|a text file
|2 rdaft
|
| 347 |
|
|
|b EPUB
|
| 490 |
1 |
|
|a Textos universitarios
|
| 504 |
|
|
|a Includes bibliographical references.
|
| 588 |
0 |
|
|a Online resource; title from ePub title page (Digitalia, viewed February 2, 2025)
|
| 650 |
|
0 |
|a Roman law
|x History.
|
| 650 |
|
0 |
|a Law, Ancient.
|
| 650 |
|
0 |
|a Law
|x History.
|
| 776 |
0 |
8 |
|i Print version:
|a Infante, Javier (Infante Martin).
|t Historia del derecho. Tomo I, La antigüedad.
|d Santiago, Chile : Ediciones UC, [2023]
|z 9789561431829
|
| 791 |
2 |
|
|a Digitalia (Firm),
|e distributor.
|
| 793 |
0 |
|
|g Digitalia eBook Collection:
|a Ediciones Universidad Católica de Chile
|
| 830 |
|
0 |
|a Colección Textos universitarios (Ediciones Universidad Católica de Chile)
|
| 856 |
4 |
0 |
|3 Digitalia Hispánica
|u https://www.digitaliapublishing.com/a/163032/
|
| 910 |
|
|
|a Premium collection: 2025
|